Les anions - Statistiques

Statistiques générales
  • Ce quiz a été pris 11 fois
  • Le résultat moyen est 19 sur 32
Statistiques - réponses
Hint Réponse % Correct
Cl^- chlorure
100%
SO4^- sulfate
100%
OH^- hydroxyde
89%
Br^- bromure
78%
F^- fluorure
78%
I^- iodure
78%
SO3^- sulfite
78%
S^2- sulfure
78%
BO3^3- borate
67%
CO3^2- carbonate
67%
ClO3^- chlorate
67%
ClO2^- chlorite
67%
CN^- cyanure
67%
HCO3^- hydrogénocarbonate
67%
NO3^- nitrate
67%
NO2^- nitrite
67%
O^2- oxyde
67%
MnO4^- permanganate
67%
BrO3^- bromate
56%
CrO4^2- chromate
56%
IO3^- iodate
56%
PO4^3- phosphate
56%
S2O3^2- thiosulfate
56%
ClO^- hypochlorite
44%
ClO4^- perchlorate
44%
CH3COO^- acétate
33%
C2O4^2- oxalate
33%
SCN^- thiocyanate
33%
OCN^- cyanate
22%
CrO7^2- dichromate
22%
P2O7^4- diphosphate
22%
H^- hyodure
0%
Aucun quiz correspondant
Distribution des résultats
% des personnes avec chaque résultat
Percentile par nombre de réponses
Votre historique - résultats
Vous n’avez pas pris ce quiz